=LDR 00000nam 2200000 4500 =001 INLIS000000000002631 =005 20130612090944 =008 ***********************************Ind** =035 ##$$0010-061300000002631 =041 ##$$a Ind =082 ##$$a 618.173 =090 ##$$a 618.173, Dal t =100 ##$$a Dalimartha, Setiawan =245 ##$$a Tumbuhan obat untuk mengatasi keputihan, Setiawan Delimartha =260 ##$$a 1999 $b Jakarta =300 ##$$a viii, 52 hlm, ilus, 22 cm =650 ##$$a Henkorea =650 ##$$a Obat Tradisional =850 ##$$a NBPNMAT